000 00414nam a22001697a 4500
005 20180811104954.0
008 160622b xxu||||| |||| 00| 0 eng d
020 _a81-203-1349-6
041 _aeng
082 _b8875
_a658.3
100 _aHERSEY, PAUL AND OTHERS
_94634
245 _aManagement of Organizational Behaviour
260 _bPHI
_aDELHI
300 _a590p,
650 _aManagement
_9241
942 _cBK
999 _c3470
_d3469